000 00776nam a2200253 i 4500
001 000030470
003 DO-SdBNP
005 20260305073958.0
007 ta
008 110518s1985 dr ac 000 | spa d
040 _aDO-SdBNP
_bspa
_cBNPHU
_erda
041 _aspa
082 4 _axxx
_bG377c
_222
100 1 _aGerón, Candido,
_d1948-
_eautor
_93577
245 1 0 _aCatorce pintores y cinco escultores dominicanos con proyección internacional /
_cCándido Gerón.
264 _aSanto Domingo :
_bTaller,
_c1985.
300 _a205 páginas :
_bilustraciones, retratos. ;
_c26 cm.
336 _ardacontent
_btexto
_2txt
337 _ardamedia
_bsin mediación
_2n
338 _ardacarrier
_bvolumen
_2nc
590 _aInventariado, 2022/BT
910 _aBT
942 _2ddc
_cLBS1
999 _c29962
_d29962